000
00250nam a22001097a 4500
008
170116b xxu||||| |||| 00| 0 eng d
020
_a
0763728438
041
_a
eng
080
_a
.618.2
245
_a
GERONTOLOGICAL NURSING
_c
MAUK, K.L
942
_2
udc
_c
BK
999
_c
2904
_d
2904